[Event "European Chess Club Cup 2023"]
[Site "Durres, Albania"]
[Date "2023.10.03"]
[Round "3.17"]
[White "Postny, Evgeny"]
[Black "Anton Guijarro, David"]
[Result "0-1"]
[TimeControl "90' + 30' & 30\""]
[WhiteElo "2568"]
[BlackElo "2653"]

1. d4 {[%clk 01:30:56]} {[%emt 00:00:03]} d5 {[%clk 01:30:48]} {[%emt
00:00:13]} 2. c4 {[%clk 01:31:20]} {[%emt 00:00:06]} e6 {[%clk 01:31:08]}
{[%emt 00:00:09]} 3. Nf3 {[%clk 01:31:27]} {[%emt 00:00:23]} dxc4 {[%clk
01:31:01]} {[%emt 00:00:37]} 4. e3 {[%clk 01:30:36]} {[%emt 00:01:22]} Nf6
{[%clk 01:31:21]} {[%emt 00:00:09]} 5. Bxc4 {[%clk 01:30:57]} {[%emt 00:00:10]}
c5 {[%clk 01:31:42]} {[%emt 00:00:08]} 6. O-O {[%clk 01:30:36]} {[%emt
00:00:51]} Nc6 {[%clk 01:31:51]} {[%emt 00:00:21]} 7. Nc3 {[%clk 01:22:27]}
{[%emt 00:08:39]} a6 {[%clk 01:31:56]} {[%emt 00:00:25]} 8. a4 {[%clk
01:18:14]} {[%emt 00:04:43]} Be7 {[%clk 01:22:57]} {[%emt 00:09:29]} 9. dxc5
{[%clk 01:16:56]} {[%emt 00:01:48]} Qxd1 {[%clk 01:09:52]} {[%emt 00:13:35]} 10.
Rxd1 {[%clk 01:17:17]} {[%emt 00:00:09]} Bxc5 {[%clk 01:09:46]} {[%emt
00:00:36]} 11. Nd2 {[%clk 01:01:27]} {[%emt 00:16:20]} Bb4 {[%clk 01:08:37]}
{[%emt 00:01:39]} 12. Na2 {[%clk 00:57:16]} {[%emt 00:04:41]} Be7 {[%clk
01:08:21]} {[%emt 00:00:46]} 13. Be2 {[%clk 00:52:19]} {[%emt 00:05:27]} e5
{[%clk 01:02:16]} {[%emt 00:06:35]} 14. b3 {[%clk 00:49:13]} {[%emt 00:03:36]}
O-O {[%clk 00:50:04]} {[%emt 00:12:43]} 15. Bb2 {[%clk 00:48:14]} {[%emt
00:01:28]} Bf5 {[%clk 00:48:45]} {[%emt 00:01:49]} 16. Rac1 {[%clk 00:43:45]}
{[%emt 00:04:59]} Rfd8 {[%clk 00:48:03]} {[%emt 00:01:12]} 17. Nc4 {[%clk
00:38:09]} {[%emt 00:06:06]} Rxd1+ {[%clk 00:45:19]} {[%emt 00:03:15]} 18. Bxd1
{[%clk 00:38:34]} {[%emt 00:00:05]} Nd7 {[%clk 00:45:06]} {[%emt 00:00:42]} 19.
Be2 {[%clk 00:08:45]} {[%emt 00:30:19]} Be6 {[%clk 00:39:09]} {[%emt 00:06:28]}
20. Bf3 {[%clk 00:04:47]} {[%emt 00:04:27]} f6 {[%clk 00:34:35]} {[%emt
00:05:04]} 21. Bxc6 {[%clk 00:03:49]} {[%emt 00:01:29]} bxc6 {[%clk 00:35:00]}
{[%emt 00:00:05]} 22. Na5 {[%clk 00:03:32]} {[%emt 00:00:46]} Nc5 {[%clk
00:29:05]} {[%emt 00:06:25]} 23. Nxc6 {[%clk 00:03:33]} {[%emt 00:00:30]} Bf8
{[%clk 00:29:30]} {[%emt 00:00:05]} 24. Na5 {[%clk 00:01:23]} {[%emt 00:02:40]}
Nxb3 {[%clk 00:24:30]} {[%emt 00:05:29]} 25. Nxb3 {[%clk 00:01:49]} {[%emt
00:00:05]} Bxb3 {[%clk 00:24:55]} {[%emt 00:00:04]} 26. Nc3 {[%clk 00:02:15]}
{[%emt 00:00:03]} Rd8 {[%clk 00:22:30]} {[%emt 00:02:56]} 27. Kf1 {[%clk
00:02:36]} {[%emt 00:00:09]} Bb4 {[%clk 00:19:43]} {[%emt 00:03:17]} 28. Ke2
{[%clk 00:00:51]} {[%emt 00:02:16]} h5 {[%clk 00:17:32]} {[%emt 00:02:41]} 29.
Ba1 {[%clk 00:00:40]} {[%emt 00:00:41]} a5 {[%clk 00:16:31]} {[%emt 00:01:30]}
30. Ne4 {[%clk 00:00:34]} {[%emt 00:00:36]} Bxa4 {[%clk 00:16:00]} {[%emt
00:01:01]} 31. Bc3 {[%clk 00:01:00]} {[%emt 00:00:04]} Bb5+ {[%clk 00:09:52]}
{[%emt 00:06:39]} 32. Ke1 {[%clk 00:01:24]} {[%emt 00:00:05]} Be8 {[%clk
00:08:45]} {[%emt 00:01:38]} 33. Bxb4 {[%clk 00:01:42]} {[%emt 00:00:12]} axb4
{[%clk 00:09:13]} {[%emt 00:00:01]} 34. Rb1 {[%clk 00:01:35]} {[%emt 00:00:38]}
Rb8 {[%clk 00:09:26]} {[%emt 00:00:17]} 35. Nc5 {[%clk 00:01:55]} {[%emt
00:00:09]} Bg6 {[%clk 00:08:22]} {[%emt 00:01:34]} 36. Rb2 {[%clk 00:01:51]}
{[%emt 00:00:34]} Rb5 {[%clk 00:08:24]} {[%emt 00:00:28]} 37. Na6 {[%clk
00:00:52]} {[%emt 00:01:29]} b3 {[%clk 00:08:40]} {[%emt 00:00:14]} 38. Kd2
{[%clk 00:01:18]} {[%emt 00:00:04]} Be4 {[%clk 00:05:35]} {[%emt 00:03:36]} 39.
Kc3 {[%clk 00:00:40]} {[%emt 00:01:08]} Bxg2 {[%clk 00:04:53]} {[%emt
00:01:12]} 40. Nb4 {[%clk 00:00:43]} {[%emt 00:00:27]} Bd5 {[%clk 00:03:04]}
{[%emt 00:02:18]} 41. Nxd5 {[%clk 00:26:44]} {[%emt 00:04:29]} Rxd5 {[%clk
00:31:19]} {[%emt 00:02:16]} 42. Rxb3 {[%clk 00:25:17]} {[%emt 00:01:56]} Rd1
{[%clk 00:31:09]} {[%emt 00:00:40]} 43. Rb4 {[%clk 00:23:41]} {[%emt 00:02:05]}
Kf7 {[%clk 00:27:43]} {[%emt 00:03:56]} 44. f4 {[%clk 00:22:43]} {[%emt
00:01:29]} exf4 {[%clk 00:27:35]} {[%emt 00:00:39]} 45. Rxf4 {[%clk 00:22:58]}
{[%emt 00:00:14]} g5 {[%clk 00:27:38]} {[%emt 00:00:27]} 46. Rf2 {[%clk
00:22:58]} {[%emt 00:00:29]} Ke6 {[%clk 00:27:38]} {[%emt 00:00:31]} 47. Kc2
{[%clk 00:23:11]} {[%emt 00:00:17]} Rd6 {[%clk 00:27:15]} {[%emt 00:00:53]} 0-1

[Event "European Chess Club Cup 2023"]
[Site "Durres, Albania"]
[Date "2023.10.03"]
[Round "3.18"]
[White "Bartel, Mateusz"]
[Black "Huzman, Alexander"]
[Result "1/2-1/2"]
[TimeControl "90' + 30' & 30\""]
[WhiteElo "2651"]
[BlackElo "2526"]

1. e4 {[%clk 01:30:57]} {[%emt 00:00:03]} e5 {[%clk 01:30:53]} {[%emt
00:00:07]} 2. Nf3 {[%clk 01:31:21]} {[%emt 00:00:06]} Nf6 {[%clk 01:31:19]}
{[%emt 00:00:05]} 3. Nxe5 {[%clk 01:31:43]} {[%emt 00:00:07]} d6 {[%clk
01:31:45]} {[%emt 00:00:04]} 4. Nf3 {[%clk 01:32:06]} {[%emt 00:00:07]} Nxe4
{[%clk 01:32:09]} {[%emt 00:00:07]} 5. Nc3 {[%clk 01:32:31]} {[%emt 00:00:04]}
Nxc3 {[%clk 01:31:45]} {[%emt 00:00:54]} 6. dxc3 {[%clk 01:32:54]} {[%emt
00:00:06]} Be7 {[%clk 01:32:09]} {[%emt 00:00:07]} 7. Be3 {[%clk 01:33:17]}
{[%emt 00:00:07]} O-O {[%clk 01:31:16]} {[%emt 00:01:24]} 8. Qd2 {[%clk
01:31:26]} {[%emt 00:02:20]} Nd7 {[%clk 01:31:28]} {[%emt 00:00:19]} 9. O-O-O
{[%clk 01:31:24]} {[%emt 00:00:32]} Nf6 {[%clk 01:31:43]} {[%emt 00:00:15]} 10.
Bd3 {[%clk 01:31:21]} {[%emt 00:00:33]} Re8 {[%clk 01:31:52]} {[%emt 00:00:21]}
11. h4 {[%clk 01:24:37]} {[%emt 00:07:14]} d5 {[%clk 01:29:13]} {[%emt
00:03:09]} 12. Bg5 {[%clk 01:08:38]} {[%emt 00:16:29]} h6 {[%clk 01:19:22]}
{[%emt 00:10:20]} 13. Rde1 {[%clk 00:52:10]} {[%emt 00:16:58]} c5 {[%clk
01:01:39]} {[%emt 00:18:14]} 14. Bxh6 {[%clk 00:34:21]} {[%emt 00:18:20]} Ne4
{[%clk 00:49:48]} {[%emt 00:12:20]} 15. Bxe4 {[%clk 00:32:53]} {[%emt
00:01:57]} dxe4 {[%clk 00:50:15]} {[%emt 00:00:04]} 16. Qxd8 {[%clk 00:33:10]}
{[%emt 00:00:12]} Bxd8 {[%clk 00:50:32]} {[%emt 00:00:14]} 17. Bf4 {[%clk
00:33:19]} {[%emt 00:00:20]} b6 {[%clk 00:47:55]} {[%emt 00:03:07]} 18. Nd2
{[%clk 00:31:16]} {[%emt 00:02:34]} Bb7 {[%clk 00:48:18]} {[%emt 00:00:07]} 19.
Nc4 {[%clk 00:31:39]} {[%emt 00:00:06]} Re6 {[%clk 00:48:31]} {[%emt 00:00:17]}
20. Rd1 {[%clk 00:28:17]} {[%emt 00:03:52]} b5 {[%clk 00:43:29]} {[%emt
00:05:33]} 21. Ne3 {[%clk 00:28:41]} {[%emt 00:00:06]} c4 {[%clk 00:43:51]}
{[%emt 00:00:08]} 22. h5 {[%clk 00:26:29]} {[%emt 00:02:43]} Bc6 {[%clk
00:40:59]} {[%emt 00:03:21]} 23. g4 {[%clk 00:22:48]} {[%emt 00:04:11]} Bb6
{[%clk 00:34:25]} {[%emt 00:07:04]} 24. g5 {[%clk 00:23:14]} {[%emt 00:00:03]}
Rd8 {[%clk 00:32:49]} {[%emt 00:02:07]} 25. Rdg1 {[%clk 00:21:11]} {[%emt
00:02:34]} Kh7 {[%clk 00:20:36]} {[%emt 00:12:42]} 26. h6 {[%clk 00:19:06]}
{[%emt 00:02:34]} g6 {[%clk 00:20:12]} {[%emt 00:00:54]} 27. Rd1 {[%clk
00:18:59]} {[%emt 00:00:38]} f6 {[%clk 00:17:40]} {[%emt 00:03:02]} 28. Rhg1
{[%clk 00:07:07]} {[%emt 00:12:22]} fxg5 {[%clk 00:14:01]} {[%emt 00:04:09]} 29.
Bxg5 {[%clk 00:06:29]} {[%emt 00:01:08]} Rf8 {[%clk 00:14:20]} {[%emt
00:00:11]} 30. Rd2 {[%clk 00:06:48]} {[%emt 00:00:11]} Bc7 {[%clk 00:05:47]}
{[%emt 00:09:03]} 31. Ng4 {[%clk 00:04:35]} {[%emt 00:02:42]} a6 {[%clk
00:05:00]} {[%emt 00:01:17]} 32. Be3 {[%clk 00:04:28]} {[%emt 00:00:37]} Rf7
{[%clk 00:03:39]} {[%emt 00:01:52]} 33. Rgd1 {[%clk 00:04:38]} {[%emt
00:00:20]} g5 {[%clk 00:02:22]} {[%emt 00:01:47]} 34. Rd8 {[%clk 00:04:16]}
{[%emt 00:00:52]} Bxd8 {[%clk 00:01:14]} {[%emt 00:01:38]} 35. Rxd8 {[%clk
00:04:44]} {[%emt 00:00:01]} Be8 {[%clk 00:00:40]} {[%emt 00:01:03]} 36. b4
{[%clk 00:03:20]} {[%emt 00:01:56]} Kg6 {[%clk 00:00:55]} {[%emt 00:00:15]} 37.
Rd5 {[%clk 00:03:44]} {[%emt 00:00:06]} Kh7 {[%clk 00:00:55]} {[%emt 00:00:29]}
38. Rxg5 {[%clk 00:03:51]} {[%emt 00:00:24]} Rg6 {[%clk 00:00:42]} {[%emt
00:00:43]} 39. Rxg6 {[%clk 00:03:00]} {[%emt 00:01:21]} Kxg6 {[%clk 00:01:09]}
{[%emt 00:00:03]} 40. Ne5+ {[%clk 00:03:25]} {[%emt 00:00:05]} Kf6 {[%clk
00:01:06]} {[%emt 00:00:31]} 41. Nxf7 {[%clk 00:02:33]} {[%emt 00:01:24]} Bxf7
{[%clk 00:01:17]} {[%emt 00:00:19]} 42. Bd4+ {[%clk 00:01:47]} {[%emt
00:01:16]} Kg6 {[%clk 00:01:36]} {[%emt 00:00:11]} 43. Bg7 {[%clk 00:02:12]}
{[%emt 00:00:04]} e3 {[%clk 00:28:39]} {[%emt 00:03:28]} 44. fxe3 {[%clk
00:23:08]} {[%emt 00:09:33]} Bd5 {[%clk 00:28:59]} {[%emt 00:00:10]} 45. Kd2
{[%clk 00:23:33]} {[%emt 00:00:05]} Be4 {[%clk 00:29:20]} {[%emt 00:00:09]} 46.
Ke2 {[%clk 00:23:59]} {[%emt 00:00:05]} Kf7 {[%clk 00:29:40]} {[%emt 00:00:10]}
47. Kf2 {[%clk 00:24:23]} {[%emt 00:00:06]} Ke6 {[%clk 00:30:00]} {[%emt
00:00:10]} 48. Kg3 {[%clk 00:24:32]} {[%emt 00:00:20]} Kd5 {[%clk 00:30:04]}
{[%emt 00:00:27]} 49. Kf4 {[%clk 00:24:43]} {[%emt 00:00:18]} Bxc2 {[%clk
00:29:53]} {[%emt 00:00:41]} 50. Bf8 {[%clk 00:21:58]} {[%emt 00:03:15]} Bd3
{[%clk 00:29:25]} {[%emt 00:00:58]} 51. Kf3 {[%clk 00:22:19]} {[%emt 00:00:09]}
Be4+ {[%clk 00:29:28]} {[%emt 00:00:27]} 52. Ke2 {[%clk 00:22:47]} {[%emt
00:00:02]} Bh7 {[%clk 00:22:23]} {[%emt 00:07:35]} 53. Kd2 {[%clk 00:23:15]}
{[%emt 00:00:03]} Ke4 {[%clk 00:19:55]} {[%emt 00:02:58]} 54. Bc5 {[%clk
00:23:42]} {[%emt 00:00:02]} Kf3 {[%clk 00:19:49]} {[%emt 00:00:36]} 55. Bd4
{[%clk 00:22:51]} {[%emt 00:01:21]} Bg6 {[%clk 00:19:49]} {[%emt 00:00:30]} 56.
Ke1 {[%clk 00:23:19]} {[%emt 00:00:02]} Bh7 {[%clk 00:19:30]} {[%emt 00:00:49]}
57. Kf1 {[%clk 00:23:47]} {[%emt 00:00:02]} Bg6 {[%clk 00:19:28]} {[%emt
00:00:33]} 58. Kg1 {[%clk 00:24:15]} {[%emt 00:00:02]} Kg3 {[%clk 00:16:56]}
{[%emt 00:03:02]} 59. Be5+ {[%clk 00:24:07]} {[%emt 00:00:38]} Kf3 {[%clk
00:17:21]} {[%emt 00:00:04]} 60. Bd4 {[%clk 00:23:55]} {[%emt 00:00:42]} Kg3
{[%clk 00:17:34]} {[%emt 00:00:18]} 61. Bc5 {[%clk 00:24:21]} {[%emt 00:00:03]}
Bh7 {[%clk 00:17:41]} {[%emt 00:00:24]} 62. Bd6+ {[%clk 00:22:38]} {[%emt
00:02:13]} Kf3 {[%clk 00:17:53]} {[%emt 00:00:18]} 63. Bf4 {[%clk 00:23:03]}
{[%emt 00:00:05]} Ke4 {[%clk 00:14:11]} {[%emt 00:04:12]} 64. Kf2 {[%clk
00:23:30]} {[%emt 00:00:02]} Kd5 {[%clk 00:14:33]} {[%emt 00:00:09]} 65. Kf3
{[%clk 00:15:44]} {[%emt 00:08:15]} Bg6 {[%clk 00:14:13]} {[%emt 00:00:50]} 66.
Bg5 {[%clk 00:16:08]} {[%emt 00:00:07]} Bh7 {[%clk 00:14:13]} {[%emt 00:00:29]}
67. Bf6 {[%clk 00:16:35]} {[%emt 00:00:03]} Bg6 {[%clk 00:13:46]} {[%emt
00:00:57]} 68. Bd4 {[%clk 00:16:59]} {[%emt 00:00:06]} Bh7 {[%clk 00:13:24]}
{[%emt 00:00:53]} 69. Ke2 {[%clk 00:17:23]} {[%emt 00:00:06]} Ke4 {[%clk
00:13:39]} {[%emt 00:00:15]} 70. Kd2 {[%clk 00:17:28]} {[%emt 00:00:25]} Kf3
{[%clk 00:13:57]} {[%emt 00:00:12]} 71. Kc1 {[%clk 00:17:52]} {[%emt 00:00:05]}
Ke2 {[%clk 00:13:58]} {[%emt 00:00:30]} 72. a4 {[%clk 00:18:17]} {[%emt
00:00:05]} Be4 {[%clk 00:14:16]} {[%emt 00:00:12]} 73. a5 {[%clk 00:18:41]}
{[%emt 00:00:05]} 1/2-1/2

[Event "European Chess Club Cup 2023"]
[Site "Durres, Albania"]
[Date "2023.10.03"]
[Round "3.19"]
[White "Vachier-Lagrave, Maxime"]
[Black "Sanal, Vahap"]
[Result "1-0"]
[TimeControl "90' + 30' & 30\""]
[WhiteElo "2727"]
[BlackElo "2603"]

1. e4 {[%clk 01:30:58]} e5 {[%clk 01:30:53]} {[%emt 00:00:08]} 2. Nf3 {[%clk
01:31:26]} {[%emt 00:00:03]} Nc6 {[%clk 01:31:16]} {[%emt 00:00:06]} 3. Bb5
{[%clk 01:31:53]} {[%emt 00:00:03]} Nf6 {[%clk 01:31:34]} {[%emt 00:00:12]} 4.
O-O {[%clk 01:32:19]} {[%emt 00:00:04]} Nxe4 {[%clk 01:31:56]} {[%emt
00:00:08]} 5. d4 {[%clk 01:32:47]} {[%emt 00:00:02]} Nd6 {[%clk 01:31:59]}
{[%emt 00:00:27]} 6. Bxc6 {[%clk 01:33:14]} {[%emt 00:00:04]} dxc6 {[%clk
01:32:19]} {[%emt 00:00:09]} 7. dxe5 {[%clk 01:33:42]} {[%emt 00:00:03]} Nf5
{[%clk 01:32:37]} {[%emt 00:00:10]} 8. Qxd8+ {[%clk 01:34:09]} {[%emt
00:00:04]} Kxd8 {[%clk 01:33:02]} {[%emt 00:00:04]} 9. Nc3 {[%clk 01:34:32]}
{[%emt 00:00:08]} Be7 {[%clk 01:32:25]} {[%emt 00:01:06]} 10. Bf4 {[%clk
01:34:50]} {[%emt 00:00:12]} Bd7 {[%clk 01:20:04]} {[%emt 00:12:50]} 11. Rad1
{[%clk 01:26:45]} {[%emt 00:08:37]} Kc8 {[%clk 01:17:55]} {[%emt 00:02:39]} 12.
h3 {[%clk 01:26:33]} {[%emt 00:00:43]} Nh4 {[%clk 01:14:46]} {[%emt 00:03:38]}
13. Nxh4 {[%clk 01:21:08]} {[%emt 00:05:55]} Bxh4 {[%clk 01:15:06]} {[%emt
00:00:08]} 14. Ne4 {[%clk 01:20:43]} {[%emt 00:00:56]} Bf5 {[%clk 01:06:56]}
{[%emt 00:08:40]} 15. f3 {[%clk 01:19:19]} {[%emt 00:01:55]} b6 {[%clk
01:01:55]} {[%emt 00:05:31]} 16. g4 {[%clk 01:18:11]} {[%emt 00:01:38]} Bg6
{[%clk 01:01:19]} {[%emt 00:01:05]} 17. Rd2 {[%clk 01:06:38]} {[%emt 00:12:04]}
Rd8 {[%clk 00:54:16]} {[%emt 00:07:33]} 18. Re2 {[%clk 01:01:04]} {[%emt
00:06:04]} Rd4 {[%clk 00:51:56]} {[%emt 00:02:48]} 19. Be3 {[%clk 00:47:39]}
{[%emt 00:13:57]} Ra4 {[%clk 00:49:15]} {[%emt 00:03:10]} 20. Nc3 {[%clk
00:46:09]} {[%emt 00:02:02]} Rc4 {[%clk 00:48:42]} {[%emt 00:01:02]} 21. f4
{[%clk 00:46:31]} {[%emt 00:00:09]} f5 {[%clk 00:48:46]} {[%emt 00:00:24]} 22.
exf6 {[%emt 00:05:08]} Bxf6 {[%clk 00:48:24]} {[%emt 00:00:50]} 23. f5 {[%clk
00:42:21]} {[%emt 00:00:05]} Bf7 {[%clk 00:48:41]} {[%emt 00:00:13]} 24. Bf4
{[%clk 00:32:12]} {[%emt 00:10:40]} Rb4 {[%clk 00:44:46]} {[%emt 00:04:24]} 25.
Nd1 {[%clk 00:32:36]} {[%emt 00:00:06]} Kb7 {[%clk 00:38:37]} {[%emt 00:06:38]}
26. b3 {[%clk 00:29:39]} {[%emt 00:03:28]} Rd4 {[%clk 00:38:33]} {[%emt
00:00:34]} 27. Be5 {[%clk 00:29:02]} {[%emt 00:01:07]} Bxe5 {[%clk 00:31:07]}
{[%emt 00:07:55]} 28. Rxe5 {[%clk 00:29:27]} {[%emt 00:00:06]} Rad8 {[%clk
00:28:34]} {[%emt 00:03:03]} 29. Re7 {[%clk 00:26:18]} {[%emt 00:03:38]} Rf8
{[%clk 00:24:48]} {[%emt 00:04:17]} 30. Ne3 {[%clk 00:24:33]} {[%emt 00:02:15]}
Kc8 {[%clk 00:25:02]} {[%emt 00:00:15]} 31. f6 {[%clk 00:18:11]} {[%emt
00:06:54]} g5 {[%clk 00:23:22]} {[%emt 00:02:09]} 32. Re5 {[%clk 00:15:38]}
{[%emt 00:03:03]} Bg6 {[%clk 00:19:59]} {[%emt 00:03:52]} 33. Rxg5 {[%clk
00:13:12]} {[%emt 00:02:57]} Re4 {[%clk 00:18:56]} {[%emt 00:01:33]} 34. Nc4
{[%clk 00:10:56]} {[%emt 00:02:46]} Re2 {[%clk 00:13:00]} {[%emt 00:06:26]} 35.
Ne5 {[%clk 00:10:56]} {[%emt 00:00:30]} Be4 {[%clk 00:08:39]} {[%emt 00:04:51]}
36. Rf4 {[%clk 00:08:31]} {[%emt 00:02:55]} Rd8 {[%clk 00:07:36]} {[%emt
00:01:33]} 37. Kf1 {[%clk 00:04:33]} {[%emt 00:04:28]} Rdd2 {[%clk 00:07:33]}
{[%emt 00:00:32]} 38. Rxe4 {[%clk 00:04:26]} {[%emt 00:00:38]} Rxe4 {[%clk
00:07:15]} {[%emt 00:00:48]} 39. f7 {[%clk 00:01:56]} {[%emt 00:03:01]} Rf4+
{[%clk 00:04:53]} {[%emt 00:02:51]} 40. Ke1 {[%clk 00:01:52]} {[%emt 00:00:34]}
Rdf2 {[%clk 00:03:00]} {[%emt 00:02:23]} 41. Rg8+ {[%clk 00:23:43]} {[%emt
00:08:39]} Kb7 {[%clk 00:30:25]} {[%emt 00:03:04]} 42. Rd8 {[%clk 00:24:05]}
{[%emt 00:00:08]} Rf6 {[%clk 00:26:23]} {[%emt 00:04:32]} 43. h4 {[%clk
00:21:23]} {[%emt 00:03:13]} c5 {[%clk 00:11:54]} {[%emt 00:14:59]} 44. h5
{[%clk 00:18:15]} {[%emt 00:03:38]} h6 {[%clk 00:07:19]} {[%emt 00:05:05]} 45.
Re8 {[%clk 00:13:34]} {[%emt 00:05:12]} R2f4 {[%clk 00:07:34]} {[%emt
00:00:13]} 46. Ke2 {[%clk 00:12:32]} {[%emt 00:01:33]} b5 {[%clk 00:03:49]}
{[%emt 00:04:15]} 47. g5 {[%clk 00:10:40]} {[%emt 00:02:22]} hxg5 {[%clk
00:04:04]} {[%emt 00:00:15]} 48. h6 {[%clk 00:11:06]} {[%emt 00:00:04]} Rxh6
{[%clk 00:00:36]} {[%emt 00:03:58]} 49. f8=Q {[%clk 00:11:29]} {[%emt
00:00:07]} Rxf8 {[%clk 00:00:58]} {[%emt 00:00:08]} 50. Rxf8 {[%clk 00:11:54]}
{[%emt 00:00:05]} Ra6 {[%clk 00:01:09]} {[%emt 00:00:18]} 51. Rf5 {[%clk
00:10:36]} {[%emt 00:01:48]} Rxa2 {[%clk 00:01:30]} {[%emt 00:00:10]} 52. Kd2
{[%clk 00:11:01]} {[%emt 00:00:05]} c4 {[%clk 00:00:49]} {[%emt 00:01:10]} 53.
bxc4 {[%clk 00:10:49]} {[%emt 00:00:43]} b4 {[%clk 00:01:17]} {[%emt 00:00:02]}
54. Nd3 {[%clk 00:10:36]} {[%emt 00:00:42]} a5 {[%clk 00:01:40]} {[%emt
00:00:08]} 55. Rb5+ {[%clk 00:09:16]} {[%emt 00:01:50]} Ka7 {[%clk 00:00:39]}
{[%emt 00:01:30]} 56. Rxg5 {[%clk 00:08:11]} {[%emt 00:01:35]} b3 {[%clk
00:00:51]} {[%emt 00:00:18]} 57. Kc3 {[%clk 00:08:26]} {[%emt 00:00:16]} bxc2
{[%clk 00:01:11]} {[%emt 00:00:09]} 58. Kb3 {[%clk 00:08:13]} {[%emt 00:00:44]}
1-0